01275nam a2200325 a 4500001001000000003000500010005001700015008004100032010001100073011001100084040000900095090001000104100003700114245014100151260005200292500006000344502009500404590004100499590004000540590004000580650003000620650003500650650003800685856007000723901000700793942001000800942000600810999001900816952011400835000115953CHAP20220329144555.0190821s2019 mx a |sm |||||||spa d a112414 a113386 cCHAP aTesis1 aMendoza Campos, Julián.97461710aAgroecología urbana :h[En línea]baportes y experiencias en el área metropolitana de Guadalajara. /cpor Julián Mendoza Campos. aMorelia, Michoacán,Méx. :bEl autor,c2019. aPara ver el contenido del material haga clic en la liga aTesis (M.C. en Desarrollo Rural Regional) -- UACH. Dirección General de Control Regional aE11695DGDb10c20190821lUCH01h1539 aE6339RRRb05c20190821lUCH01h1247 aE6339RRRb05c20190821lUCH01h124714aAgricultura urbana.9203014aDesarrollo agrícola.912546514aProducción alimentaria.9136019 aFinding aiduhttp://10.13.5.2/tesis/sist115953.pdfzTeclea aquí aBK cTESIS n0 c112414d112414 00102local40718TESISaBCbBCd2019-08-21fTESISl0oTesisp115964-10r2019-12-31 00:00:00w2019-08-21yCD